| 000 | 00405cam a22001337a 4500 | ||
|---|---|---|---|
| 008 | 180718b1958 xxu||||| |||| 00| 0 eng d | ||
| 082 | _aA32 FRE/L328 | ||
| 100 | _aLarousse, Pierre | ||
| 245 |
_aNouveau petit Larousse illustre dicrionnaire encyclopedique _cby Pierre Larousse |
||
| 260 |
_aParis _bLibrarie Larousse _c1958 |
||
| 300 | _a1791p. | ||
| 500 | _a38/6 | ||
| 650 | _aFrench Language - Dictionaries | ||
| 999 |
_c370264 _d370264 |
||